000 00599cam a22002051 4500
001 sa 66000070
003 DLC
005 20260227112212.0
008 740206s1964 ii 000 0 eng
010 _asa 66000070
035 _a(OCoLC)791931
040 _aDLC
_cPPT
_dOCoLC
_dDLC
042 _apremarc
050 0 0 _aHB3640.S5
_bP45
100 1 _aPethe, Vasant P.
245 1 0 _aDemographic profiles of an urban population
_c[by] Vasant P. Pethe.
260 _aBombay,
_bPopular Prakashan
_c[1964]
300 _axvi, 144 p.
_billus., fold. map,
_c23 cm.
651 0 _aSholāpur (India)
_xPopulation.
999 _c67022
_d67022